000 00832nam a2200253Ia 4500
003 OSt
005 20220923211035.0
006 a|||||r|||| 00| 0
007 ta
008 Pun
020 _a8171680216 (hbk)
_c150
024 _a243,659
037 _b307, 08/10/2010, H.K. Prakashan
_cTextual
040 _aARTS
_cARTS
_bPun
041 _2Pun
_aPun
082 _aO153,1NBH4x, P5
100 _aਭੁੱਲਰ, ਜਸਬੀਰ
_9156290
245 0 _aਤੂੰ ਪਹਿਲਾਂ ਵਾਂਗ ਨਾ ਮਿਲੀ੍ਵ
260 _aਅੰਮ੍ਰਿਤਸਰ
_b ਲੋਕ ਸਾਹਿਤ
_c2005
300 _a114ਪੰ
_ccm.
650 _aਪੰਜਾਬੀ ਸਾਹਿਤ
942 _hO153,1NBH4x, P5
_cTEXL
_2CC
999 _c294355
_d294355